<?xml version="1.0" encoding="UTF-8"?>
<collection xmlns="http://www.loc.gov/MARC21/slim">
    <record>
        <controlfield tag="001">32341</controlfield>
        <controlfield tag="005">20160204081734.0</controlfield>
        <datafield tag="037" ind1=" " ind2=" ">
            <subfield code="a">TAZ-TFG-2015-2732</subfield>
        </datafield>
        <datafield tag="041" ind1=" " ind2=" ">
            <subfield code="a">spa</subfield>
        </datafield>
        <datafield tag="100" ind1="1" ind2=" ">
            <subfield code="a">Oter Huélamo, África</subfield>
        </datafield>
        <datafield tag="245" ind1="0" ind2="0">
            <subfield code="a">Programa de Terapia Ocupacional basado en la aplicación terapéutica del arte dirigido a personas con Trastorno Bipolar.</subfield>
        </datafield>
        <datafield tag="260" ind1=" " ind2=" ">
            <subfield code="a">Zaragoza</subfield>
            <subfield code="b">Universidad de Zaragoza</subfield>
            <subfield code="c">2015</subfield>
        </datafield>
        <datafield tag="506" ind1=" " ind2=" ">
            <subfield code="a">by-nc-sa</subfield>
            <subfield code="b">Creative Commons</subfield>
            <subfield code="c">3.0</subfield>
            <subfield code="u">http://creativecommons.org/licenses/by-nc-sa/3.0/</subfield>
        </datafield>
        <datafield tag="520" ind1=" " ind2=" ">
            <subfield code="a">El trabajo que se expone a continuación consiste en un programa de intervención desde Terapia Ocupacional basado en la utilización del arte, concretamente de los medios plásticos y pictóricos, como recurso terapéutico para el tratamiento de personas diagnosticadas de Trastorno Bipolar. Este trastorno conlleva dificultades a nivel afectivo, social y cognoscitivo, de modo que la intervención artística tiene como objetivo el desarrollo de la creatividad como elemento dinamizador del desempeño ocupacional al estimular los diversos componentes psicofísicos. Se basa en el Modelo de la Ocupación Humana (MOHO) dado que ofrece un planteamiento que contempla la evolución del individuo según las distintas etapas del proceso volitivo y además proporciona herramientas específicas de valoración. En la evaluación se emplean diferentes instrumentos de valoración, algunos de ellos específicos del MOHO como el Cuestionario Volitivo y también se utilizan herramientas complementarias para valorar aspectos como la creatividad, la autoestima y la ansiedad. En la intervención se plantean actividades fundamentalmente pictóricas y plásticas aunque también se busca integrar actividades de otras categorías artísticas. Mediante este programa no sólo se hace posible una mayor regulación del nivel emocional, sino que también se consigue una mejora en las capacidades cognoscitivas aplicadas en la actividad artística.</subfield>
        </datafield>
        <datafield tag="521" ind1=" " ind2=" ">
            <subfield code="a">Graduado en Terapia Ocupacional</subfield>
        </datafield>
        <datafield tag="540" ind1=" " ind2=" ">
            <subfield code="a">Derechos regulados por licencia Creative Commons</subfield>
        </datafield>
        <datafield tag="700" ind1=" " ind2=" ">
            <subfield code="a">Pérez Trullén, José María</subfield>
            <subfield code="e">dir.</subfield>
        </datafield>
        <datafield tag="710" ind1="2" ind2=" ">
            <subfield code="a">Universidad de Zaragoza</subfield>
            <subfield code="b"> </subfield>
            <subfield code="c"></subfield>
        </datafield>
        <datafield tag="856" ind1="0" ind2=" ">
            <subfield code="f">611890@celes.unizar.es</subfield>
        </datafield>
        <datafield tag="856" ind1="4" ind2=" ">
            <subfield code="s">1734480</subfield>
            <subfield code="u">http://zaguan.unizar.es/record/32341/files/TAZ-TFG-2015-2732.pdf</subfield>
            <subfield code="y">Memoria (spa)</subfield>
        </datafield>
        <datafield tag="909" ind1="C" ind2="O">
            <subfield code="o">oai:zaguan.unizar.es:32341</subfield>
            <subfield code="p">driver</subfield>
            <subfield code="p">trabajos-fin-grado</subfield>
        </datafield>
        <datafield tag="950" ind1=" " ind2=" ">
            <subfield code="a"></subfield>
        </datafield>
        <datafield tag="951" ind1=" " ind2=" ">
            <subfield code="a">deposita:2015-11-11</subfield>
        </datafield>
        <datafield tag="980" ind1=" " ind2=" ">
            <subfield code="a">TAZ</subfield>
            <subfield code="b">TFG</subfield>
            <subfield code="c">EUCS</subfield>
        </datafield>
    </record>

    
</collection>